| 000 | 00767nam a22002415a 4500 | ||
|---|---|---|---|
| 008 | 150616t2015 enka frbd 001 0 eng d | ||
| 020 | _a1292017414 | ||
| 020 | _a9781292017419 | ||
| 040 |
_aEG-ScBUE _beng _dEG-ScBUE |
||
| 082 | 0 | 4 |
_222 _bSOL _a658.8342 |
| 100 | 1 |
_aSolomon, Michael R. _912282 |
|
| 245 | 1 | 0 |
_aConsumer behavior : _bbuying, having, and being / _cMichael R. solomon. |
| 250 | _a11th ed., Global ed. | ||
| 260 |
_aHarlow : _bPearson Education Limited, _cc.2015. |
||
| 300 |
_a604 p. : _bill. ; _c26 cm. |
||
| 500 | _aIndex : p. 579-604. | ||
| 500 | _aGlossary : p. 565-578. | ||
| 504 | _aIncludes bibliographical references. | ||
| 650 |
_2BUEsh _aConsumer behavior |
||
| 651 | _2BUEsh | ||
| 653 |
_bCOMAME _cJune2014 _cOctober2015 |
||
| 942 | _2ddc | ||
| 999 |
_c19685 _d19657 |
||